Ils ont chanté le Soleil - Statistiques

Statistiques générales
  • Ce quiz a été pris 32 fois
  • Le résultat moyen est 5 sur 16
Statistiques - réponses
Chanson Artiste/Groupe % Correct
Les Sunlights des tropiques Gilbert Montagné
97%
Au soleil Jenifer
97%
Le Coup de soleil Richard Cocciante
58%
Il est mort le soleil Nicoletta
55%
Here Comes the Sun The Beatles
42%
Rayon de soleil William Baldé
35%
The House of the Rising Sun (Version de 1964) The Animals
23%
Le soleil et la lune Charles Trenet
19%
Don't Let the Sun Go Down on Me (avec George Michael) Elton John
19%
Island in the Sun Weezer
10%
J'veux du soleil Au p'tit bonheur
6%
When the Sun Goes Down Arctic Monkeys
3%
Hard Sun Eddie Vedder
3%
Set the Controls for the Heart of the Sun Pink Floyd
3%
When The Sun Hits Slowdive
3%
Black Hole Sun Soundgarden
3%
Aucun quiz correspondant
Distribution des résultats
% des personnes avec chaque résultat
Percentile par nombre de réponses
Votre historique - résultats
Vous n’avez pas pris ce quiz